000 00933nam a2200241Ia 4500
003 OSt
005 20220923212119.0
006 a|||||r|||| 00| 0
007 ta
008 220922b |||||||| |||| 00| 0 hin d
024 _a150,784
037 _cTextual
040 _aARTS
_cARTS
_bhin
041 _2hin
_ahin
082 _aLB:(P111:4k), 152K9.1-.2
100 _aवैज्ञानिक तथा तकनीकि शब्दावली अयोग
_9162136
245 0 _aआयुर्विज्ञान शब्दावली
_b अग्रेंजी - हिन्दी - रोमन
246 _aĀyurvijnyān shabdāvalī: agreanjī - hindī - rohina
260 _c1967
300 _a155 पृ.
_ccm.
942 _hLB:(P111:4k), 152K9.1-.2
_cTEXL
_2CC
999 _c306464
_d306464